Statistics for Ultimate Interwar Period Quiz

Click here to take the quiz!

General Stats

  • This quiz has been taken 84 times
  • The average score is 27 of 60

Answer Stats

QuestionAnswer% Correct
What is the name of the war that ended in 1918?World War 1
88%
What was the name of the building that the treaty was signed?Palace of Versailles
85%
Who was the leader of said political party?Adolf Hitler
78%
What radical political party inside Germany is gaining momentum?Nazi Party
75%
What year is Hitler declared councilor of Germany?1933
72%
What was the name of the treaty that the German Empire signed?Treaty of Versailles
72%
Which nation is aligned with Germany and eventually joins an alliance with?Italy
70%
Who is the leader of Fascist Italy?Benito Mussolini
68%
What Asian country is aligned with Germany and eventually joins an alliance with?Japan
68%
What year does President Hindenburg pass away, making Hitler Fuhrer
of Germany? This is also the year in which Hitler passes the Enabling
Act.
1934
65%
What year does Hitler march troops into the territory?1936
65%
What country does Germany annex in March 1938? This is also the year
in which Germany starts military mobilization.
Austria
65%
What was the name of the book did Hitler write while in prison?Mein Kampf
65%
What year does the above leader take power of Italy?1922
63%
What year does Nazi Germany introduce conscription?1935
63%
Where is the above region?China
62%
What year did Nazi Germany annex the rest of Czechoslovakia?1939
60%
What country did Nazi Germany invade in September of 1939 that sparked the
outbreak of the Second World War?
Poland
60%
What year does the Weimar Republic join the League of Nations?1926
58%
What nation did that territory belong to?Czechoslovakia
58%
Who is the new leader of Russia as of 1922?Joseph Stalin
57%
What year does said leader take power inside the party?1921
55%
What African nation does the nation above invade during the years 1935-37?Ethiopia
55%
What was the date that the above war ended?
(Month, Day & Year)
November 11, 1918
55%
What global crisis plagued the Prewar Period?The Great Depression
55%
Who was the democratic nominee that won the 1933 Election?Franklin D. Roosevelt
53%
What German territory is occupied by the French?The Rhineland
53%
Who is the Prime Minister of the UK at this time?Neville Chamberlain
52%
Who was the famous German general that served in the previous
war, and later became president of the new German government?
Paul von Hindenburg
50%
What is the name of the piece of territory that Germany occupies in 1938?Sudetenland
50%
What is the name of the strategy that the above Prime Minister uses?Appeasement
48%
What is the name of the German zeppelin that flew across the world?Hindenburg
48%
What did US President Woodrow Wilson propose at the above
conference?
League of Nations
48%
What region was the conflict located?Manchuria
47%
Who was the Emperor of the above nation?Hirohito
43%
What African nation of territory did the above country have since 1911?Libya
42%
When was the treaty signed?
(Month & Year)
June, 1919
40%
What month is the Molotov-Ribbentrop Pact signed?August
38%
What nation was other nation signed the Molotov-Ribbentrop Pact?The Soviet Union
38%
What was the name of the prewar German government?Weimar Republic
37%
Who was the republican US President that served from years
1929-1933?
Herbert Hoover
32%
What month did the zeppelin crash?May
32%
What was the name of the purge that saw the SS murder high ranking
SA members?
The Night of the Long Knives
32%
What nation did the above country invade in 1937?Korea
30%
Where was the above treaty signed?
(City and/or Country)
Paris, France
30%
What element was the US not willing to sell to other nations?Helium
28%
What territory did the above country have since 1895?Taiwan
27%
What is the name of the alliance of the three previously mentioned nations?Axis Powers
23%
What element was Germany forced to use in the zeppelin? Hydrogen
23%
What was the name of the conference that was held to decide a
post-war world?
Paris Peace Conference
22%
What is the English translation of said book? My Fight
20%
During the previous war, what alliance was the above nation apart of?Triple Entente
20%
United States, United Kingdom, France, Italy. What was this group
called?
The Big Four
18%
How many years was Hitler initially sentenced?5 Years
17%
What is the name of the first concentration camp constructed in Germany?Dachau
17%
How long did he actually serve?8 Months
13%
In what US state did the zeppelin crash?New Jersey
13%
What nation did the above country declare war?Russian Empire
3%
What was the name of the conflict?Russo-Japanese War
3%
What was the event called that saw the Nazi Party unsuccessfully
overthrow the Weimar Republic in 1923?
Beer Haul Putsch
0%

Score Distribution

Percentile by Number Answered

Percent of People with Each Score

Your Score History

You have not taken this quiz